000 00962nam a2200193Ii 4500
003 JO-AjNU
008 230605s9999||||xx |||||||||||||| ||und||
040 _aJO-AjNU
_bara
_erda
_cJO-AjNU
041 _aara
050 1 4 _aPJ7510.I2664 1900
100 3 _aتأليف: القرطبي، ابي عمر يوسف بن عبدالله بن محمد بن عبدالبر النمري؛ تحقيق: محمد مرسي الخولي,
_eauthor
_959136
245 0 0 _aبهجة المجالس ،أنس المجالس وشحد الذاهن والهاجس، القسم الثاني
264 3 1 _aبيروت: دار الكتب العلمية، 1900
300 _a القسم الثاني : 659ص
_bيحتوي على فهارس عامة من ص 383-659
336 _atext
_btxt
_2rdacontent
337 _aunmediated
_bn
_2rdamedia
338 _avolume
_bnc
_2rdacarrier
650 4 _aالأدب العربي -- العصر العباسي الثاني، 846-954 -- مجموعات
_959137
999 _aA26596
_c30164
_d30164